000 00424nam a2200145Ia 4500
003 OSt
005 20260401123331.0
008 211028s2013 xx 000 0 und d
040 _cAIMIT LIBRARY
041 _aeng
100 _aWazeefa;Cyriac, Ann.
_g1116178
_97116
245 _aStudy on competitve analysis of bajaj pulsar supreme auto dealers ltd Mangalore /
260 _aMangalore
_bAnn Cyriac
_c2013
942 _2ddc
_cPRO
999 _c218686
_d218686